MEASUREMENT AND EVALUATION IN PSYCHOLOGY AND EDUCATION (Record no. 12325)
[ view plain ]
| 000 -LEADER | |
|---|---|
| fixed length control field | 00312nam a22001337a 4500 |
| 003 - CONTROL NUMBER IDENTIFIER | |
| control field | SGT |
| 082 ## - DEWEY DECIMAL CLASSIFICATION NUMBER | |
| Classification number | 370 |
| Item number | M13D |
| 100 ## - MAIN ENTRY--PERSONAL NAME | |
| Personal name | DUGGAL, K.P. |
| 245 ## - TITLE STATEMENT | |
| Title | MEASUREMENT AND EVALUATION IN PSYCHOLOGY AND EDUCATION |
| 260 ## - PUBLICATION, DISTRIBUTION, ETC. (IMPRINT) | |
| Place of publication, distribution, etc | NEW DELHI |
| Name of publisher, distributor, etc | SAURABH PUB |
| Year of Publication | 2013 |
| 300 ## - PAGE DESCRIPTION | |
| No. of Pages | 272 |
| 650 ## - SUBJECT ADDED ENTRY--TOPICAL TERM | |
| Topical term or geographic name as entry element | EDUCATION |
| 942 ## - ADDED ENTRY ELEMENTS (KOHA) | |
| Source of classification or shelving scheme | Dewey Decimal Classification |
| Koha item type | Books |
| Withdrawn status | Lost status | Source of classification or shelving scheme | Damaged status | Not for loan | Collection code | Home library | Current library | Shelving location | Date acquired | Vendor Name | Cost, normal purchase price | SGTU | Bill Number | Full call number | Accession No. (Barcode) | Date last seen | Bill Date | Koha item type |
|---|---|---|---|---|---|---|---|---|---|---|---|---|---|---|---|---|---|---|
| Dewey Decimal Classification | EDUCATION | SGT Engineering Library | SGT Engineering Library | Text Book | 10/07/2017 | INDIAN PUB | 695.00 | SGTU | 101/102 | 370 M13D | ED2495 | 10/07/2017 | 22/11/2016 | Books | ||||
| Dewey Decimal Classification | EDUCATION | SGT Engineering Library | SGT Engineering Library | Text Book | 10/07/2017 | INDIAN PUB | 695.00 | SGTU | 101/102 | 370 M13D | ED2496 | 10/07/2017 | 22/11/2016 | Books |